| 000 | 00651nam a2200181Ia 4500 | ||
|---|---|---|---|
| 008 | 151018s9999 xx 000 0 und d | ||
| 082 |
_bRBASDV42669 _a351.3 |
||
| 100 | _aअनंत वासुदेव वाईरकर | ||
| 245 | _aराज्यशास्त्र | ||
| 250 | _b1 | ||
| 260 |
_bनिराली प्रकाशन पुणे _c1999 |
||
| 300 | _a218 | ||
| 600 | _aअनंत वासुदेव वाईरकर | ||
| 630 | _aराज्यशास्त्र | ||
| 700 | _aअनंत वासुदेव वाईरकर | ||
| 730 | _aराज्यशास्त्र | ||
| 942 | _cBOOK | ||
| 999 |
_c1041894 _d1041891 |
||